| 000 | 00432cam a22001097a 4500 | ||
|---|---|---|---|
| 008 | 180718b1972 xxu||||| |||| 00| 0 eng d | ||
| 082 | _aT123x54 In2 | ||
| 245 |
_aWorking class consumer price index numbers in India: a monograph _cby Labour Bureau, Ministry of Labour and Rehabilitation |
||
| 260 |
_aSimla _bGovernment of India _c1972 |
||
| 300 | _a464p | ||
| 700 | _aHimachal Pradesh. Ministry of Labour and Rehabilitation, Labour Bureau | ||
| 999 |
_c496898 _d496898 |
||